| Tag |
First Indicator |
Second Indicator |
Subfields |
| LEADER |
00000nam a2200000 4500 |
| 001 |
in00004194621 |
| 005 |
20200806080836.0 |
| 006 |
m g d |
| 007 |
cr bn |||a|bb| |
| 008 |
941031s1680 enk o 00 eng d |
| 035 |
|
|
|a (UnM)99884052
|
| 037 |
|
|
|a CL2105000002
|b ProQuest Information and Learning. 300 N. Zeeb Rd., Ann Arbor, MI 48106
|
| 040 |
|
|
|a Cu-RivES
|c Cu-RivES
|d Uk-ES
|d CStRLIN
|d Cu-RivES
|e dcrb
|
| 043 |
|
|
|a e-uk-st
|
| 045 |
2 |
|
|b d1660
|b d1688
|
| 245 |
0 |
3 |
|a An account of their Royal Highnesses the Duke and Dutchess of York, their arrival and reception in Scotland, the 26. of Octob. 1680. :
|b In a letter from a gentleman of their Highnesses retinue, to a friend in London..
|
| 260 |
|
|
|a [London? :
|b publisher not identified,
|c 1680].
|
| 300 |
|
|
|a 1 online resource (1 sheet ([1] pages).
|
| 336 |
|
|
|a text
|b txt
|2 rdacontent
|
| 337 |
|
|
|a computer
|b c
|2 rdamedia
|
| 338 |
|
|
|a online resource
|b cr
|2 rdacarrier
|
| 500 |
|
|
|a Dated at end of text: "Edenbrough, Octob. 30. 1680.".
|
| 500 |
|
|
|a Reproduction of original in the Bodleian Library.
|
| 500 |
|
|
|a Imprint from Wing.
|
| 510 |
4 |
|
|a Wing (CD-ROM, 1996)
|c A424C.
|
| 510 |
4 |
|
|a Early English books tract supplement interim guide
|c Ashm.1679[47].
|
| 533 |
|
|
|a Electronic reproduction.
|b Ann Arbor, Mich. :
|c UMI,
|d 1999-
|f (Early English books online)
|n Digital version of: (Early English books; Tract supplement ; C29:1[46])
|7 s1999 miun s
|
| 600 |
0 |
0 |
|a James
|b II,
|c King of England,
|d 1633-1701
|v Early works to 1800.
|
| 600 |
0 |
0 |
|a Mary,
|c of Modena, Queen, consort of James II, King of England,
|d 1658-1718.
|
| 655 |
|
7 |
|a Broadsides
|z England
|y 17th century.
|2 rbgenr
|
| 651 |
|
0 |
|a Scotland
|x History
|y 1660-1688
|v Early works to 1800.
|
| 830 |
|
0 |
|a Early English books online.
|
| 856 |
4 |
0 |
|u http://proxy.library.tamu.edu/login?url=https://search.proquest.com/docview/2240890891
|z Connect to the full text of this electronic book
|t 0
|
| 999 |
f |
f |
|s 60f1d57f-6ac1-3825-828c-84511f79a2cc
|i 65eb009e-84db-38f9-b1f0-5d033f29aa7b
|t 0
|
| 952 |
f |
f |
|a Texas A&M University
|b College Station
|c Electronic Resources
|d Available Online
|t 0
|h No information provided
|
| 998 |
f |
f |
|t 0
|l Available Online
|